Paul Gauguin (Запись № 9371630)

Подробности
000 -МАРКЕР
контрольное поле 01381nam0a22003251 4500
001 - ИДЕНТИФИКАТОР ЗАПИСИ
контрольное поле RU\NLR\INFOCOMM_161\5000089348
005 - ИДЕНТИФИКАТОР ВЕРСИИ
контрольное поле 20260406091832.0
010 ## - МЕЖДУНАРОДНЫЙ СТАНДАРТНЫЙ НОМЕР КНИГИ (ISBN)
Тираж 10100 экз.
Номер (ISBN) 87-7321-273-3
035 ## - ДРУГИЕ СИСТЕМНЫЕ НОМЕРА
Идентификатор записи (NLR Aleph) 009316848
100 ## - ДАННЫЕ ОБЩЕЙ ОБРАБОТКИ
Данные общей обработки 20101202d1987 |||y0rusy50 ca
101 0# - ЯЗЫК РЕСУРСА
Язык текста, звукозаписи и т.д. датский
102 ## - СТРАНА ПУБЛИКАЦИИ ИЛИ ПРОИЗВОДСТВА
Страна публикации дания
-- российская федерация
105 ## - ПОЛЕ КОДИРОВАННЫХ ДАННЫХ: ТЕКСТОВЫЕ МАТЕРИАЛЫ, МОНОГРАФИЧЕСКИЕ
Кодированные данные о монографическом текстовом документе a ||||000|y
200 1# - ЗАГЛАВИЕ И СВЕДЕНИЯ ОБ ОТВЕТСТВЕННОСТИ
Основное заглавие Paul Gauguin
Сведения, относящиеся к заглавию Mesterværker fra russ. museer
-- [Album]
Первые сведения об ответственности Forord. af Bent Irve
Последующие сведения об ответственности [Сост.: Ася Соломоновна Кантор-Гуковская]
210 ## - ПУБЛИКАЦИЯ, РАСПРОСТРАНЕНИЕ И ДР.
Место издания, распространения и т.д. København
-- L.
Имя издателя, распространителя и т. д. Hamlet
-- Aurora
Дата издания, распространения и т.д. 1987
215 ## - ФИЗИЧЕСКАЯ ХАРАКТЕРИСТИКА
Специфическое обозначение материала и объем 16 с., [13] л. цв. ил.
Другие сведения о физической характеристике цв. ил., ил.
Размеры 32 см
225 1# - СЕРИЯ
Основное заглавие серии Hamlets kunstgalleri
300 ## - ОБЩИЕ ПРИМЕЧАНИЯ
Текст примечания В вып. дан.: Поль Гоген: Альбом
600 #1 - ИМЯ ЛИЦА КАК ПРЕДМЕТ
Начальный элемент ввода Гоген
Часть имени, кроме начального элемента ввода П.
Даты 1848-1903
Расширение инициалов личного имени Поль
Формальный подзаголовок Альбомы
Код системы nlr_sh1
686 ## - ИНДЕКСЫ ДРУГИХ КЛАССИФИКАЦИЙ
Индекс Щ143(4Фр)5-8Гоген
Код системы
686 ## - ИНДЕКСЫ ДРУГИХ КЛАССИФИКАЦИЙ
Индекс Щ101.3(3)
Код системы
700 #1 - ИМЯ ЛИЦА - ПЕРВИЧНАЯ ОТВЕТСТВЕННОСТЬ
Код отношения Автор
Графика поля Латинская
Материалы, к которым относится поле fre
Начальный элемент ввода Gauguin
Часть имени, кроме начального элемента ввода P.
Даты 1848-1903
Расширение инициалов личного имени Paul
Идентификатор авторитетной/нормативной записи RU\NLR\AUTH\770277679
Системный номер авторитетной/нормативной записи 2649646
702 #1 - ИМЯ ЛИЦА - ВТОРИЧНАЯ ОТВЕТСТВЕННОСТЬ
Код отношения Составитель
Графика поля Латинская
Материалы, к которым относится поле rus
Начальный элемент ввода Kantor-Gukovskaja
Часть имени, кроме начального элемента ввода A. S.
Расширение инициалов личного имени Asja Solomonovna
Идентификатор авторитетной/нормативной записи RU\NLR\AUTH\770282452
Системный номер авторитетной/нормативной записи 2671586
790 #1 - ИМЯ ЛИЦА - АЛЬТЕРНАТИВНАЯ ФОРМА
Код отношения Редактор
Графика поля Кириллица
Материалы, к которым относится поле rus
Начальный элемент ввода Кантор-Гуковская
Часть имени, кроме начального элемента ввода А. С.
Расширение инициалов личного имени Ася Соломоновна
Идентификатор авторитетной/нормативной записи RU\NLR\AUTH\7712707
Системный номер авторитетной/нормативной записи 122418
801 #1 - ИСТОЧНИК ЗАПИСИ
Страна российская федерация
Организация NLR
Дата составления 20101202
801 #0 - ИСТОЧНИК ЗАПИСИ
Страна российская федерация
Организация NLR
Правила каталогизации PSBO
852 ## - МЕСТОНАХОЖДЕНИЕ И ШИФР ХРАНЕНИЯ
Идентификатор организации NLR
Шифр хранения (Call Number) Э АлИс590/2-Г581
942 ## - ДОПОЛНИТЕЛЬНЫЕ ЭЛЕМЕНТЫ ЗАПИСИ (АБИС)
Тип экземпляра АБИС Книга
980 ## - КОЛЛЕКЦИЯ
Название коллекции Национальная библиография
Экземпляры
Тип экземпляра Дата поступления Библиотека постоянного хранения Библиотека текущего хранения Место хранения Шифр хранения Штрих-код Статус не для выдачи
Книга 26.10.2013 РНБ (Садовая) РНБ (Садовая) Фонд эстампов и фотографий иностранный Э АлИс590/2-Г581 9316848-10